[Event "AUTO-ELITE-2592"]
[Site "http://www.queenalice.com/game.php?id=1871578"]
[Date "2026.4.7"]
[Round "2"]
[White "WoodpusherKid"]
[Black "trompmaster"]
[Result "1-0"]
[WhiteElo "2715"]
[BlackElo "2476"]

1. e4 d5 2. exd5 Nf6 3. Nf3 Nxd5 4. d4 g6 5. c4 Nb6 6. Be2 Bg7 7. Nc3 O-O 8. O-O
Bg4 9. c5 Nd5 10. Qb3 Nxc3 11. bxc3 b6 12. h3 Be6 13. Qa3 Nd7 14. Rd1 Bd5 15.
Bg5 h6 16. Bh4 g5 17. Bg3 f5 18. Be5 g4 19. hxg4 fxg4 20. Nh2 Nxe5 21. dxe5 e6
22. c4 Bxe5 23. Nxg4 Bxa1 24. Qg3 Qe7 25. cxd5 exd5 26. Rxd5 Kh8 27. Rh5 Rf6 28.
Nxh6 Qh7 29. Nf5 Rxf5 30. Rxh7+ Kxh7 31. Qxc7+ Kh8 32. Qc6 Kg7 33. Qxa8 Rxc5 34.
Qxa7+ Kf8 35. Qxb6 Rc1+ 36. Kh2 Be5+ 37. g3 Kf7 38. Bh5+ Ke7 39. Qe3 1-0

[Event "AUTO-ELITE-2592"]
[Site "http://www.queenalice.com/game.php?id=1871579"]
[Date "2026.4.7"]
[Round "2"]
[White "trompmaster"]
[Black "WoodpusherKid"]
[Result "1/2-1/2"]
[WhiteElo "2473"]
[BlackElo "2719"]

1. Nf3 c6 2. g3 g6 3. e4 d5 4. e5 d4 5. Bc4 Bg7 6. d3 c5 7. Nbd2 Nc6 8. Qe2 Nh6
9. e6 Bxe6 10. Bxe6 fxe6 11. Qxe6 Qd7 12. Ng5 b6 13. Ndf3 Nd8 14. Qe4 O-O 15. h4
Nf5 16. h5 h6 17. g4 hxg5 18. Nxg5 Qc6 19. gxf5 Rxf5 20. Kf1 Bf6 21. Rg1 Bxg5
22. Bxg5 Qxe4 23. dxe4 Re5 24. hxg6 Rxe4 25. Re1 Rxe1+ 26. Kxe1 Nc6 27. Bh6 Rd8
28. f4 Rd6 29. Kd2 c4 30. Rg2 Rf6 31. b3 b5 32. c3 d3 33. Rg5 e5 34. Rg4 Rf5 35.
bxc4 bxc4 36. fxe5 Nxe5 37. Re4 a5 38. a4 Rf2+ 39. Ke1 Rh2 40. Rxe5 Rxh6 41.
Rxa5 Rxg6 42. Rb5 Rg1+ 43. Kd2 Ra1 44. a5 Kf7 45. Rb4 Ra2+ 46. Kc1 Rc2+ 47. Kd1
Rxc3 48. Ra4 Rc2 49. a6 c3 50. Rd4 Rd2+ 51. Kc1 Rc2+ 52. Kd1 Rd2+ 53. Kc1 Rc2+
54. Kd1 1/2-1/2

[Event "AUTO-ELITE-2602"]
[Site "http://www.queenalice.com/game.php?id=1871845"]
[Date "2026.4.12"]
[Round "2"]
[White "Sexxy_Bunny"]
[Black "trompmaster"]
[Result "1-0"]
[WhiteElo "2669"]
[BlackElo "2437"]

1. e4 d5 2. exd5 Nf6 3. d4 Bg4 4. f3 Bf5 5. c4 e6 6. dxe6 Nc6 7. Be3 Nb4 8. Na3
Bxe6 9. Ne2 Bd6 10. Qd2 c6 11. Ng3 O-O 12. Be2 Re8 13. O-O a5 14. Rfd1 Qb8 15.
d5 cxd5 16. Nb5 Be7 17. Bf4 Qc8 18. Nc7 dxc4 19. Nxe8 Qxe8 20. Bd6 c3 21. bxc3
Rd8 22. Qf4 Rxd6 23. Rxd6 Nfd5 24. Rxd5 Nxd5 25. Qc1 Qc6 26. c4 Ne3 27. Kh1 Nxc4
28. a4 Bb4 29. Qg5 f6 30. Qc1 Nd6 31. Bd3 Bc3 32. Rb1 Ba2 33. Rb5 Bb4 34. Qxc6
bxc6 35. Rb8+ Kf7 36. Bxh7 Ke7 37. Ra8 Bb3 38. Ra7+ Kd8 39. h4 Bxa4 40. Rxg7 Bb3
41. Bb1 a4 42. h5 Bd2 43. Rg6 Nf7 44. Rxf6 a3 45. Rxc6 a2 46. Bxa2 Bxa2 47. Rc2
Be1 48. Rxa2 Bxg3 49. Ra8+ Ke7 50. Rg8 Bf2 51. g3 Nh6 52. Rg7+ Kf8 53. Rg6 Ng8
54. Kg2 Bd4 55. f4 Kf7 56. Rd6 Bg7 57. Kf3 Nf6 58. g4 Bh6 59. g5 Bxg5 60. fxg5
Nxh5 61. g6+ Kg7 62. Kg4 Nf6+ 63. Kf5 Ne8 64. Rd8 Nf6 65. Rh8 Nd5 66. Rh7+ Kf8
67. Rf7+ Kg8 68. Rd7 Nb6 69. Rd6 Nc4 70. Rd4 Ne3+ 71. Kf6 1-0

[Event "AUTO-ELITE-2602"]
[Site "http://www.queenalice.com/game.php?id=1871846"]
[Date "2026.4.12"]
[Round "2"]
[White "trompmaster"]
[Black "Sexxy_Bunny"]
[Result "0-1"]
[WhiteElo "2458"]
[BlackElo "2659"]

1. Nf3 d5 2. d4 Nf6 3. e3 e6 4. c4 c6 5. b3 Nbd7 6. Bb2 Bd6 7. Ne5 Ne4 8. Nd3
dxc4 9. bxc4 Qa5+ 10. Nd2 c5 11. f3 cxd4 12. exd4 Nxd2 13. Qxd2 Qxd2+ 14. Kxd2
b6 15. Nf2 O-O 16. Ne4 Be7 17. Bd3 Rd8 18. Ke3 f5 19. Ng3 Ba6 20. h4 Rac8 21.
Rac1 g6 22. h5 e5 23. Ne2 Bf6 24. dxe5 Nxe5 25. Bxe5 Bxe5 26. Rhd1 Bd6 27. Kf2
Bc5+ 28. Kf1 Rc6 29. Bc2 Rxd1+ 30. Rxd1 Bxc4 31. Bb3 Bxb3 32. axb3 Rd6 33. Rxd6
Bxd6 34. Nd4 Kf7 35. hxg6+ Kxg6 36. Nb5 Bb8 37. Ke2 Kg5 38. Ke3 a5 39. Nc3 Kh4
40. Ne2 Be5 41. f4 Bb2 42. Kf3 Kh5 43. Ng3+ Kg6 44. Nf1 b5 45. Ne3 a4 46. bxa4
bxa4 47. Nd5 a3 48. Nb4 Bc3 49. Na2 Bd2 50. g3 h5 51. Ke2 Ba5 52. Kf2 Kf7 53.
Ke2 Ke6 54. Nc1 Kd5 55. Nb3 a2 56. Kd3 Be1 57. g4 hxg4 58. Ke3 Kc4 59. Na1 Bc3
60. Nc2 Kb3 61. Kd3 g3 0-1

[Event "AUTO-ELITE-2621"]
[Site "http://www.queenalice.com/game.php?id=1873300"]
[Date "2026.5.12"]
[Round "1"]
[White "trompmaster"]
[Black "JUNIOR2"]
[Result "0-1"]
[WhiteElo "2445"]
[BlackElo "2463"]

1. Nf3 Nf6 2. d4 g6 3. g3 d5 4. Bg2 Bg7 5. c4 c6 6. O-O O-O 7. Nbd2 Bf5 8. b3 a5
9. h3 a4 10. bxa4 h5 11. Qb3 Qa5 12. Bb2 Qxa4 13. Rfc1 Nbd7 14. Qxa4 Rxa4 15.
cxd5 cxd5 16. Ne5 Nxe5 17. dxe5 Nd7 18. f4 Rd8 19. Rc7 b6 20. Nb3 Bf8 21. Nd4
Nc5 22. Nxf5 gxf5 23. e3 h4 24. gxh4 d4 25. Bxd4 Ne6 26. Rc6 Nxd4 27. exd4 Raxd4
28. e6 Bg7 29. h5 fxe6 30. Rxe6 Bf6 31. Rae1 Kh7 32. Rxb6 Rd2 33. Rbe6 Rxa2 34.
R6e2 Ra4 35. Rf1 Kh6 36. Bb7 Kxh5 37. Kg2 Bh4 38. Rf3 Kg6 39. Kh2 Rd1 40. Bc6
Rc4 41. Bb7 Rb4 42. Bc6 Rd8 43. Kg2 Kf7 44. Ra2 e6 45. Rfa3 Rxf4 46. Ra8 Rxa8
47. Bxa8 e5 48. Ra6 Rf2+ 49. Kh1 e4 50. Bd5+ Ke7 51. Bb3 Rb2 52. Bc4 Rb1+ 53.
Kg2 Rb4 54. Bd5 Rd4 55. Re6+ Kd7 56. Re5 Rd2+ 57. Kg1 Kd6 58. Rxf5 Rxd5 59. Rf4
Rd1+ 60. Kg2 e3 61. Re4 Rd2+ 62. Kf3 Bg5 63. Kg4 Kd5 64. Re8 Rg2+ 65. Kf5 e2 66.
Re5+ Kd4 67. Re4+ Kd3 68. Ke5 Bf6+ 69. Kf5 Rf2+ 0-1

[Event "AUTO-ELITE-2623"]
[Site "http://www.queenalice.com/game.php?id=1873955"]
[Date "2026.5.27"]
[Round "1"]
[White "trompmaster"]
[Black "ichtus"]
[Result "0-1"]
[WhiteElo "2438"]
[BlackElo "2831"]

1. Nf3 Nf6 2. c4 g6 3. g3 Bg7 4. Bg2 O-O 5. d4 c6 6. O-O d5 7. cxd5 cxd5 8. Ne5
Nc6 9. Nxc6 bxc6 10. Nc3 Nd7 11. e4 dxe4 12. Nxe4 Nb6 13. Bg5 h6 14. Be3 Nc4 15.
Qe2 Nxe3 16. fxe3 e5 17. dxe5 Bxe5 18. Rac1 Rb8 19. b3 Rb6 20. Nd2 Bc7 21. Rf2
Qe7 22. Bxc6 Rxc6 23. Rxc6 Bb7 24. Rcf6 Be5 25. R6f3 Bxf3 26. Qxf3 Bc3 27. Qe4
Qd7 28. Nc4 h5 29. Kg2 Re8 30. Qf3 Qe6 31. h3 a5 32. Rc2 Bb4 33. a3 a4 34. axb4
axb3 35. Rc3 Rc8 36. Qf1 Qa6 37. Rc1 Qb7+ 38. Kg1 Qb8 39. Qe1 b2 40. Nxb2 Rxc1
41. Qxc1 Qxg3+ 42. Kf1 Qxh3+ 43. Ke2 Qg4+ 44. Kd3 Qxb4 45. Nc4 Qb3+ 46. Kd4 Qb7
47. Qe1 Qd7+ 48. Kc3 Qe7 49. Qh1 h4 50. Kd2 Qb4+ 51. Kd3 Qb3+ 52. Kd4 g5 53. Qg1
f6 54. Qf1 Kg7 55. Qh3 Qd1+ 56. Kc5 Qh5 57. Qd7+ Kh6 58. Nd6 Qf3 59. Qe6 h3 60.
Qe8 h2 61. Qh8+ Kg6 62. Qxh2 Qxe3+ 63. Kc6 Qc3+ 64. Kb7 Qe5 65. Qh8 Qxd6 66. Qc8
Qe7+ 67. Kb8 Qe5+ 68. Ka7 f5 69. Ka8 Qe4+ 70. Kb8 f4 71. Qg4 Qf5 72. Qd1 f3 73.
Qd6+ Qf6 74. Qd3+ Qf5 75. Qa6+ Kh5 76. Qf1 f2 77. Ka8 Qf3+ 78. Kb8 Kh4 79. Ka7
Kg3 80. Ka6 Kh2 0-1

[Event "AUTO-ELITE-2623"]
[Site "http://www.queenalice.com/game.php?id=1873959"]
[Date "2026.5.27"]
[Round "1"]
[White "trompmaster"]
[Black "Caronte"]
[Result "0-1"]
[WhiteElo "2440"]
[BlackElo "2724"]

1. Nf3 c5 2. g3 Nc6 3. Bg2 g6 4. O-O Bg7 5. c4 d6 6. Nc3 Nf6 7. a3 O-O 8. d3 Rb8
9. b4 cxb4 10. axb4 Ne4 11. Nxe4 Bxa1 12. d4 Bf5 13. Bh6 Bxe4 14. Qxa1 Bxf3 15.
Bxf3 Qb6 16. Bxf8 Rxf8 17. Bxc6 bxc6 18. Rb1 Rb8 19. e4 a5 20. b5 Ra8 21. Qc3
cxb5 22. cxb5 a4 23. Kg2 Ra5 24. Rb4 a3 25. Rb3 a2 26. Ra3 Ra7 27. Qb2 Rxa3 28.
Qxa3 Qxb5 29. Qxa2 Qb4 30. Qa1 Kg7 31. e5 dxe5 32. dxe5 Qe4+ 33. Kg1 g5 34. h3
e6 35. Qc3 Kg6 36. Qc5 Qe1+ 37. Kg2 Qe4+ 38. Kg1 Qe1+ 39. Kg2 Qd2 40. Qe3 Qxe3
41. fxe3 Kf5 42. h4 g4 43. Kf2 Kxe5 44. Ke2 Ke4 45. h5 f5 46. Kd2 Kf3 47. e4
fxe4 0-1

[Event "AUTO-ELITE-2624"]
[Site "http://www.queenalice.com/game.php?id=1874113"]
[Date "2026.5.29"]
[Round "1"]
[White "raulzampronha"]
[Black "trompmaster"]
[Result "0-1"]
[WhiteElo "2217"]
[BlackElo "2436"]

1. e4 d5 2. exd5 Nf6 3. c4 e6 4. dxe6 Bxe6 5. Nf3 c5 6. d4 cxd4 7. Nxd4 Nc6 8.
Nxe6 Qxd1+ 9. Kxd1 fxe6 10. Be3 Ng4 11. Nc3 O-O-O+ 12. Kc2 Nd4+ 13. Bxd4 Rxd4
14. Be2 Nxf2 15. Rhf1 Ng4 16. Nb5 Ne3+ 17. Kc3 Rd7 18. Rf2 Bc5 19. Rf3 Rhd8 20.
b4 Bxb4+ 21. Kxb4 Nc2+ 22. Kc3 Nxa1 23. Rf1 Rd2 24. Bg4 R8d3+ 25. Kb4 Rxa2 26.
Bxe6+ Kd8 27. Rf7 Rb2+ 0-1